| 000 | 01086nam2a2200253 4500 | ||
|---|---|---|---|
| 001 | RU\NLR\BIBL_A\012698742 | ||
| 005 | 20260405073046.0 | ||
| 035 | _a(NLR Aleph) 012698742 | ||
| 090 |
_a12870956 _c12870956 |
||
| 100 | _a20110710d1929 |||y0rusy50 ca | ||
| 101 | 0 | _arus | |
| 102 | _aRU | ||
| 105 | _ay z |||a| | ||
| 200 | 1 |
_aЗаписки охотника _f[примечания Б. Эйхенбаум] |
|
| 210 |
_d1929 _aБ. м. |
||
| 215 | _a362, [2] с. | ||
| 320 | _aБиблиогр.: библиографические указания в "Примечаниях" | ||
| 461 | 0 |
_1001RU\NLR\BIBL_A\012698736 _12001#$aСочинения$v1 _912870933 _aТургенев, И. С. (1818-1883) _cМосква _d1929-1930 _fИ. С. Тургенев _nГосудаоственное издательство _tСочинения _v1 |
|
| 702 | 1 |
_4212 _8rus _7ca _aЭйхенбаум _bБ. М. _f1886-1959 _gБорис Михайлович _3RU\NLR\auth\7720076 _93144 |
|
| 801 | 0 |
_aRU _bNLR _gpsbo |
|
| 852 |
_aNLR _j73/423(1) |
||
| 942 | _cBOOK | ||
| 980 | _aNB | ||